[Event "Olympiad Women 2024"]
[Site "Budapest HUN"]
[Date "2024.09.22"]
[Round "11.3"]
[Board "2"]
[White "Fataliyeva, Ulviyya"]
[Black "Vaishali, Rameshbabu"]
[Result "1/2-1/2"]
[WhiteElo "2378"]
[BlackElo "2498"]
[PlyCount "93"]
[EventDate "2024.09.11"]
[WhiteTeam "Azerbaijan"]
[BlackTeam "India"]
[WhiteTeamCountry "AZE"]
[BlackTeamCountry "IND"]

1. d4 Nf6 2. c4 e6 3. Nf3 d5 4. g3 dxc4 5. Bg2 a6 6. O-O Nc6 7. e3 Rb8 8. Nfd2 e5 9. Bxc6+ bxc6 10. dxe5 Nd5 11. Nxc4 Bh3 12. Re1 Nb4 13. Qe2 Qd3 14. Qxd3 ({RR} 14. Nba3 h5 15. f3 Be6 16. e4 h4 17. g4 h3 18. Be3 Qxe2 19. Rxe2 Nd3 20. Rd2 Bxa3 21. Nxa3 Nxe5 22. Kf2 O-O 23. b3 a5 24. Rad1 Rfe8 25. Bc5 a4 26. b4 f6 27. Nb1 g5 28. Nc3 a3 {0-1 Sivakumar,S (2288)-Arenas,D (2357) 1000GM Independence Day 2024 (4.1)}) 14... Nxd3 15. Rd1 Rd8 16. Nbd2 $146 ({RR} 16. Nd6+ cxd6 17. Rxd3 dxe5 18. Rxd8+ Kxd8 19. Bd2 Be7 20. Na3 Bxa3 21. bxa3 Kd7 22. Bb4 Bg4 23. f4 exf4 24. exf4 Re8 25. Re1 Rxe1+ 26. Bxe1 Kd6 27. Kf2 Kd5 28. Ke3 Kc4 29. Ba5 Bf5 30. Kd2 g6 {½-½ De Boer,E (2270)-Zwirs,N (2443) Dutch Open 2023 (4.6)}) 16... Bb4 17. a3 Bxd2 18. Rxd2 O-O 19. f4 Rd5 20. Na5 c5 21. b3 Bf5 22. a4 Be4 23. Ba3 f6 24. e6 Re8 25. Nb7 Rxe6 26. Nxc5 Nxc5 27. Rxd5 Bxd5 28. Bxc5 Bxb3 29. Ra3 Bc2 30. a5 h5 31. Rc3 Be4 32. Kf2 Rc6 33. h3 Bf5 34. Kg2 Kf7 35. Rc4 Bd3 36. Rc3 Be4+ 37. Kf2 Bf5 38. g4 hxg4 39. hxg4 Bxg4 40. e4 Bd7 41. Ke3 f5 42. Bd4 Rxc3+ 43. Bxc3 g6 44. exf5 Bxf5 45. Kd4 Ke6 46. Kc5 Kd7 47. Be5 1/2-1/2

[Event "Olympiad Women 2024"]
[Site "Budapest HUN"]
[Date "2024.09.22"]
[Round "11.3"]
[Board "3"]
[White "Divya, Deshmukh"]
[Black "Beydullayeva, Govhar"]
[Result "1-0"]
[WhiteElo "2483"]
[BlackElo "2395"]
[PlyCount "77"]
[EventDate "2024.09.11"]
[WhiteTeam "India"]
[BlackTeam "Azerbaijan"]
[WhiteTeamCountry "IND"]
[BlackTeamCountry "AZE"]

1. c4 Nf6 2. Nc3 e5 3. g3 Nc6 4. Bg2 Bb4 5. e4 d6 6. Nge2 Bg4 7. h3 Bxe2 8. Nxe2 a5 9. O-O Bc5 10. d3 Nd7 $146 ({RR} 10... Nd4 11. Be3 Nxe2+ 12. Qxe2 Nd7 13. Rad1 O-O 14. d4 exd4 15. Bxd4 Bxd4 16. Rxd4 Qf6 17. Rdd1 Rfe8 18. Qd2 a4 19. Rfe1 Nc5 20. f4 h6 21. Re2 Re6 22. Rde1 Rae8 23. Kh2 Qe7 24. Qc2 Qf6 25. b4 {1-0 Caruana,F (2794)-Praggnanandhaa,R (2740) World Blitz 2023 (18.6)}) ({RR} 10... Qb8 11. Nc3 Nd4 12. Bg5 c6 13. Kh2 Ne6 14. Bd2 Qa7 15. Qe1 h5 16. Bh1 O-O-O 17. Na4 b6 18. a3 Bd4 19. Rb1 Nd7 20. Qd1 Ndc5 21. b4 axb4 22. Nxc5 Nxc5 23. axb4 Ne6 24. Bf3 g6 25. Kg2 {1-0 Galvan,J (2229)-Jordan Arenas,M (2122) Mislata op-A 23rd 2015 (7)}) 11. Be3 Bd4 12. Bxd4 Nxd4 13. Nxd4 exd4 14. b3 O-O 15. a3 c6 16. Kh2 Qb6 17. Rb1 Qc5 18. Qc1 Ra7 19. Qb2 Raa8 20. f4 Qb6 21. Qf2 Qc5 22. b4 axb4 23. axb4 Qb6 24. b5 c5 25. Ra1 Ra5 26. Rxa5 Qxa5 27. e5 Qc3 28. Qf3 dxe5 29. Qxb7 Qxd3 30. Qxd7 e4 31. Qf5 Qxc4 32. Qxe4 Qxb5 33. Rb1 Qa5 34. Qc6 d3 35. Qd6 Qd8 36. Qxc5 Re8 37. Qd5 Qxd5 38. Bxd5 d2 39. Bf3 1-0

[Event "Olympiad Women 2024"]
[Site "Budapest HUN"]
[Date "2024.09.22"]
[Round "11.3"]
[Board "4"]
[White "Balajayeva, Khanim"]
[Black "Vantika, Agrawal"]
[Result "0-1"]
[WhiteElo "2384"]
[BlackElo "2370"]
[PlyCount "106"]
[EventDate "2024.09.11"]
[WhiteTeam "Azerbaijan"]
[BlackTeam "India"]
[WhiteTeamCountry "AZE"]
[BlackTeamCountry "IND"]

1. e4 c5 2. Nf3 d6 3. Bb5+ Bd7 4. Bxd7+ Nxd7 5. O-O Ngf6 6. Qe2 e6 7. b3 g6 8. Bb2 Bg7 9. d4 cxd4 10. Bxd4 O-O 11. c4 Qa5 12. Rc1 a6 13. Nc3 Rac8 14. Rab1 $146 ({RR} 14. e5 dxe5 15. Nxe5 Rfd8 16. Nxd7 Rxd7 17. Be5 Rcd8 18. Rd1 Ne4 19. Bxg7 Nxc3 20. Bxc3 Qxc3 21. Rab1 Rd2 22. Rxd2 Rxd2 23. Qe1 Qc2 24. Ra1 Re2 25. Qd1 Qxd1+ 26. Rxd1 Rxa2 27. h4 Rb2 28. Rd3 Kg7 {0-1 Sypien,N (2002)-Kazmierowski,T (2114) Wroclaw Open A 2024 (6.28)}) 14... Rfd8 15. h3 Nh5 16. Bxg7 Kxg7 17. Qe3 Ne5 18. Nd4 Nc6 19. Nxc6 Rxc6 20. a4 Qc5 21. Qd2 Qe5 22. Re1 Rcc8 23. Rbd1 Nf6 24. Re3 h5 25. Rd3 Qa5 26. Qe3 Ne8 27. Qd4+ Kg8 28. R1d2 Rc6 29. Qe3 Rdc8 30. Ne2 Qc5 31. Nd4 Rb6 32. Qg3 Kg7 33. Rf3 Nf6 34. Qh4 g5 35. Qg3 Nxe4 36. Rxf7+ Kxf7 37. Qe3 Qe5 38. Re2 Nf6 39. Qd3 Qf4 40. Nxe6 Qc1+ 41. Kh2 Re8 42. Qf5 Rxb3 43. Nxg5+ Qxg5 44. Qxg5 Rxe2 45. Qf4 Rbb2 46. Qxd6 Rxf2 47. Qc7+ Kg6 48. Kg3 Rxg2+ 49. Kf3 h4 50. Qc8 Rg3+ 51. Kf4 Re2 52. Qf5+ Kg7 53. Qc5 Re1 0-1

[Event "Olympiad Women 2024"]
[Site "Budapest HUN"]
[Date "2024.09.22"]
[Round "11.4"]
[Board "1"]
[White "Kashlinskaya, Alina"]
[Black "Dzagnidze, Nana"]
[Result "0-1"]
[WhiteElo "2490"]
[BlackElo "2508"]
[PlyCount "138"]
[EventDate "2024.09.11"]
[WhiteTeam "Poland"]
[BlackTeam "Georgia"]
[WhiteTeamCountry "POL"]
[BlackTeamCountry "GEO"]

1. d4 Nf6 2. c4 e6 3. Nf3 d5 4. Nc3 Nbd7 5. Qc2 Be7 6. cxd5 exd5 7. Bf4 O-O 8. e3 c5 9. Be2 a6 10. O-O $146 ({RR} 10. a4 b6 11. O-O Bb7 12. Rfd1 Rc8 13. Ne5 cxd4 14. exd4 Re8 15. Bd3 g6 16. Qb3 Nf8 17. Be3 Qd6 18. Ne2 Ne6 19. f4 Bf8 20. Rf1 Ne4 21. Bxe4 dxe4 22. Nc3 Qb4 23. Qxb4 Bxb4 24. Nd7 Red8 {½-½ Shchekachev,A (2537)-Bricard,E (2502) FRA-chA 86th 2011 (1)}) 10... b5 11. dxc5 Nxc5 12. Nd4 Bb7 13. a3 Rc8 14. Qd1 g6 15. Bh6 Re8 16. Rc1 Qb6 17. Bg5 Bf8 18. Bh4 Bg7 19. Bd3 Nfe4 20. Nce2 Na4 21. Rb1 Nd6 22. Bc2 Nc5 23. Nc3 Nce4 24. Nxe4 dxe4 25. Bb3 Nc4 26. Bxc4 Rxc4 27. Ne2 Rec8 28. b3 R4c5 29. Nd4 Rc3 30. Qg4 Bxd4 31. exd4 Qxd4 32. Qf4 Rd3 33. Bf6 Qd6 34. Be5 Qe6 35. Rfe1 Re8 36. Ba1 e3 37. Rxe3 Rxe3 38. Qxe3 Qxe3 39. fxe3 Rxe3 40. Rd1 f5 41. Rd8+ Kf7 42. Rd7+ Ke8 43. Rxb7 Re1+ 44. Kf2 Rxa1 45. a4 bxa4 46. bxa4 Rxa4 47. Rxh7 Re4 48. Ra7 Re6 49. Kf3 Kd8 50. g4 fxg4+ 51. Kxg4 Kc8 52. Kg5 Kb8 53. Rd7 a5 54. h4 a4 55. Rd4 Ra6 56. Rd2 a3 57. Ra2 Kc7 58. Kh6 Kd7 59. Kh7 Ke8 60. Kg8 Ra7 61. Rf2 Ra4 62. Ra2 Ke7 63. Kg7 Ra6 64. Re2+ Kd6 65. Kf7 Ra7+ 66. Kxg6 a2 67. Rxa2 Rxa2 68. h5 Ke7 69. h6 Kf8 0-1

[Event "Olympiad Women 2024"]
[Site "Budapest HUN"]
[Date "2024.09.22"]
[Round "11.4"]
[Board "2"]
[White "Javakhishvili, Lela"]
[Black "Socko, Monika"]
[Result "1/2-1/2"]
[WhiteElo "2446"]
[BlackElo "2422"]
[PlyCount "150"]
[EventDate "2024.09.11"]
[WhiteTeam "Georgia"]
[BlackTeam "Poland"]
[WhiteTeamCountry "GEO"]
[BlackTeamCountry "POL"]

1. d4 Nf6 2. Nf3 e6 3. e3 b6 4. Bd3 Bb7 5. O-O d5 6. b3 Bd6 7. Bb2 O-O 8. c4 Nbd7 9. Nc3 a6 10. Rc1 Qe7 11. a4 ({RR} 11. Re1 Ne4 12. Qc2 f5 13. Ne2 Ndf6 14. h3 c5 15. Ne5 Rac8 16. f3 cxd4 17. exd4 Nd7 18. Nxd7 Qxd7 19. Qd1 Ng3 20. Qd2 Rfe8 21. cxd5 exd5 22. Nxg3 Bxg3 23. Rxc8 Bxc8 24. Rxe8+ Qxe8 25. Kf1 a5 {½-½ Harikrishna,P (2740)-Kryvoruchko,Y (2697) ESP-chT CECLUB Honor 2015 (6.2)}) 11... Ne4 12. Ne2 $146 ({RR} 12. a5 f5 13. axb6 cxb6 14. Na4 Rac8 15. Ne5 Bxe5 16. dxe5 dxc4 17. bxc4 Nec5 18. Bd4 Qg5 19. f3 Nxe5 20. Be2 Ned7 21. Rb1 e5 22. Bxc5 Nxc5 23. Nxc5 Qxe3+ 24. Kh1 Qxc5 25. Qb3 Rf6 26. Rfd1 e4 {0-1 Slovineanu,V (2412)-Buchenau,F (2222) Titled Tue 13th Jun Late 2023 (10)}) ({RR} 12. a5 f5 13. Ne2 Rac8 14. Nf4 Bb4 15. axb6 cxb6 16. Qe2 a5 17. cxd5 exd5 18. Ba6 Ndf6 19. h3 Bxa6 20. Qxa6 Rxc1 21. Rxc1 g5 22. Nd3 g4 23. Nfe5 gxh3 24. gxh3 Qg7+ 25. Kf1 Qh6 26. Nf4 Nh5 {1-0 Cheparinov,I (2638)-Abasov,N (2621) TCh-TUR Super League 2024 (2.19)}) 12... Rad8 13. Qc2 f6 14. a5 Rc8 15. Ng3 f5 16. Qe2 Nxg3 17. hxg3 dxc4 18. bxc4 c5 19. axb6 Nxb6 20. e4 cxd4 21. Bxd4 Bc5 22. Ba1 f4 23. Be5 fxg3 24. Bxg3 Nd7 25. Rb1 Bc6 26. Ra1 Ra8 27. Rfd1 a5 28. Bc2 a4 29. Bh4 Qe8 30. Nd4 Bxd4 31. Rxd4 e5 32. Rd6 Nc5 33. Qe3 Ne6 34. Bg3 Nd4 35. Bd1 Ra5 36. Qc3 Qa8 37. f3 Rc5 38. Bxe5 Nb5 39. Qb2 Nxd6 40. Bxd6 Rh5 41. Bxf8 Qxf8 42. Qd4 Qb8 43. Be2 Qh2+ 44. Kf2 Qh4+ 45. Kg1 h6 46. Rd1 Qh2+ 47. Kf2 Rg5 48. Bf1 Qg3+ 49. Kg1 Qxf3 50. Qd8+ Qf8 51. Qxf8+ Kxf8 52. Bd3 Ke7 53. Bc2 Rg3 54. Kf2 Rc3 55. Bd3 Kd6 56. Ke3 Kc5 57. e5 a3 58. e6 a2 59. Ra1 Ra3 60. e7 Kb4 61. Kd4 Ra7 62. Be4 Rd7+ 63. Bd5 Kb3 64. Kc5 Ba4 65. e8=Q Rxd5+ 66. cxd5 Bxe8 67. Kd6 Kb2 68. Rxa2+ Kxa2 69. Ke7 Bb5 70. d6 Kb3 71. d7 Bxd7 72. Kxd7 Kc4 73. Ke6 Kd4 74. Kf7 Ke4 75. Kxg7 Kf4 1/2-1/2

[Event "Olympiad Women 2024"]
[Site "Budapest HUN"]
[Date "2024.09.22"]
[Round "11.4"]
[Board "3"]
[White "Maltsevskaya, Aleksandra"]
[Black "Batsiashvili, Nino"]
[Result "0-1"]
[WhiteElo "2404"]
[BlackElo "2461"]
[PlyCount "138"]
[EventDate "2024.09.11"]
[WhiteTeam "Poland"]
[BlackTeam "Georgia"]
[WhiteTeamCountry "POL"]
[BlackTeamCountry "GEO"]

1. Nf3 Nf6 2. c4 c5 3. g3 d5 4. cxd5 Nxd5 5. Bg2 Nc6 6. O-O e5 7. Nc3 Be6 8. Qa4 Nb6 9. Qd1 Be7 10. d3 O-O 11. Be3 f5 $146 ({RR} 11... Rc8 12. Na4 Nxa4 13. Qxa4 a6 14. Rfc1 Nd4 15. Bxd4 exd4 16. Ne5 Bd5 17. Qd7 Bxg2 18. Kxg2 Qxd7 19. Nxd7 Rfe8 20. Nb6 Rc6 21. Nd5 Bf8 22. Rc2 Re5 23. Nf4 g5 24. Nh3 Rce6 25. Re1 Bh6 26. g4 {0-1 Cordova Garcia,E (2041)-Garavito,M (2069) Internet Section 06A g/8'+2" blitz 2004 (7)}) 12. Na4 Nd7 13. Qd2 Rc8 14. Ng5 Bxg5 15. Bxg5 Qe8 16. Be3 b6 17. f4 Nf6 18. Nc3 e4 19. dxe4 Rd8 20. Qc1 fxe4 21. f5 Bc8 22. Bg5 h6 23. Bxf6 Rxf6 24. g4 Rf7 25. Nxe4 Nd4 26. Qc4 Bb7 27. Ng3 b5 28. Qxc5 Nxe2+ 29. Nxe2 Qxe2 30. Bxb7 Rxb7 31. h3 Rbd7 32. Rae1 Qxb2 33. f6 gxf6 34. Qf5 Kg7 35. Rf2 Qc3 36. Ref1 Rf7 37. Rf3 Qd4+ 38. R1f2 Rd5 39. Qe6 Re5 40. Qc6 Rc5 41. Qe6 Re5 42. Qb3 a5 43. Qc2 b4 44. Rf4 Re1+ 45. Kh2 Qd5 46. R4f3 Qe5+ 47. Kg2 Re3 48. h4 Rxf3 49. Rxf3 Re7 50. Kh3 Rc7 51. Qd2 Qe6 52. Qd4 h5 53. Rf5 Rc3+ 54. Kh2 Qxa2+ 55. Rf2 Qe6 56. Rf5 Qe2+ 57. Rf2 Qe5+ 58. Qxe5 fxe5 59. Rf5 hxg4 60. Rxe5 a4 61. Re4 Rb3 62. Rxg4+ Kh6 63. Rg8 a3 64. Rh8+ Kg6 65. h5+ Kg7 66. Ra8 Rb2+ 67. Kg3 a2 68. Kg4 Rg2+ 69. Kf3 Rc2 0-1

[Event "Olympiad Women 2024"]
[Site "Budapest HUN"]
[Date "2024.09.22"]
[Round "11.4"]
[Board "4"]
[White "Khotenashvili, Bella"]
[Black "Kiolbasa, Oliwia"]
[Result "1-0"]
[WhiteElo "2432"]
[BlackElo "2348"]
[PlyCount "75"]
[EventDate "2024.09.11"]
[WhiteTeam "Georgia"]
[BlackTeam "Poland"]
[WhiteTeamCountry "GEO"]
[BlackTeamCountry "POL"]

1. Nf3 Nf6 2. g3 b6 3. Bg2 Bb7 4. c4 e6 5. O-O Be7 6. Nc3 O-O 7. d4 Ne4 8. Bd2 Bf6 9. Qc2 Nxd2 10. Qxd2 d6 11. e4 Nd7 12. Rab1 ({RR} 12. d5 Ne5 13. b3 Nxf3+ 14. Bxf3 g6 15. Bg2 Bg7 16. Rac1 Qe7 17. f4 c6 18. Rfe1 Rad8 19. Rcd1 Rfe8 20. Kh1 Qc7 21. Re3 exd5 22. cxd5 c5 23. a4 a6 24. h3 Qd7 25. Ne2 f5 26. Nc3 Bd4 {½-½ Mecking,H (2635)-Polugaevsky,L (2620) Candidates qf Polugaevsy-Mecking +1-0 1977 (10)}) ({RR} 12. Rfe1 e5 13. d5 a5 14. h4 h5 15. Bh3 Nc5 16. b3 g6 17. Rab1 Bg7 18. a3 Bc8 19. Bxc8 Qxc8 20. b4 Nd7 21. Kg2 Nf6 22. c5 Ng4 23. Nb5 bxc5 24. bxc5 dxc5 25. Rbc1 Bh6 26. Ng5 f6 {0-1 Ohanyan,E (2489)-Chigaev,M (2621) Julius Baer Play-In 2023 (3.30)}) 12... c5 $146 ({RR} 12... g6 13. b4 a5 14. a3 Bg7 15. Rfc1 Qe7 16. Ne1 f5 17. exf5 Bxg2 18. Nxg2 Rxf5 19. d5 Ne5 20. Qe2 Nf3+ 21. Kh1 axb4 22. axb4 Nd4 23. Qd3 Rf3 24. Qe4 Rxf2 25. dxe6 Re8 26. Nf4 Nxe6 27. Ncd5 {0-1 Fey,F (2035)-Berry,S (2345) Dresden ZMD op 2002 (5)}) 13. Rfd1 cxd4 14. Nxd4 Ne5 15. b3 a6 16. Nde2 Be7 17. f4 Nc6 18. Kh1 Rc8 19. Rbc1 Na5 20. Qe3 Qc7 21. Na4 Bd8 22. Qd4 Bc6 23. Nac3 Nb7 24. Nd5 Bxd5 25. cxd5 Qd7 26. Rxc8 Qxc8 27. Rc1 Qd7 28. b4 a5 29. a3 axb4 30. axb4 Qe7 31. Qc4 e5 32. f5 Qg5 33. Qa6 Qe3 34. Rc3 Qd2 35. Bf3 Bg5 36. Qxb7 Be3 37. Kg2 Bd4 38. Rc8 1-0

[Event "Olympiad Women 2024"]
[Site "Budapest HUN"]
[Date "2024.09.22"]
[Round "11.5"]
[Board "1"]
[White "Mkrtchian, Lilit"]
[Black "Wagner, Dinara"]
[Result "1-0"]
[WhiteElo "2366"]
[BlackElo "2452"]
[PlyCount "77"]
[EventDate "2024.09.11"]
[WhiteTeam "Armenia"]
[BlackTeam "Germany"]
[WhiteTeamCountry "ARM"]
[BlackTeamCountry "GER"]

1. c4 e5 2. g3 Nf6 3. Bg2 Bc5 4. Nc3 c6 5. e3 Bb6 6. Nge2 d5 7. cxd5 cxd5 8. d4 e4 9. f3 $146 ({RR} 9. O-O O-O 10. f3 exf3 11. Bxf3 Bh3 12. Bg2 Bxg2 13. Kxg2 Nc6 14. Nf4 Qd7 15. Qf3 Rad8 16. Bd2 Rfe8 17. h3 Na5 18. Rae1 Nc4 19. Bc1 Ba5 20. Nfe2 Ne4 21. Rd1 f6 22. Nxe4 Rxe4 23. b3 Nd6 {½-½ Gombocz,F (2295)-Pasztor,B (2200) Hello Sakk Cup Alekhine rapid 2021 (7)}) ({RR} 9. O-O Nc6 10. Nf4 Bc7 11. Nh5 Nxh5 12. Qxh5 Ne7 13. f3 exf3 14. Bxf3 Be6 15. Bg4 O-O 16. Bd2 Qd7 17. Bd1 g6 18. Qf3 a6 19. Rc1 b5 20. Bb3 Rac8 21. Ne2 a5 22. a3 Bf5 23. Bc2 Bb6 {0-1 Weber,S (2315)-To,N (2307) SixDays Budapest May IM 2024 (7.4)}) ({RR} 9. h3 Nc6 10. b3 O-O 11. Ba3 Re8 12. Rc1 a6 13. Nf4 Ne7 14. O-O Ng6 15. Nh5 Be6 16. Nxf6+ Qxf6 17. Na4 Bd8 18. Nc5 Bc8 19. Qh5 Qd6 20. Bb2 b6 21. Na4 Bb7 22. Nc3 Rc8 23. f4 exf3 {½-½ Chigaev,M (2630)-Sharikov,A (2117) Tuapse Rapid op 2021 (2)}) ({RR} 9. O-O O-O 10. f3 exf3 11. Bxf3 Bg4 12. Nf4 Be6 13. Nxe6 fxe6 14. b3 Nc6 15. Ba3 Rf7 16. Bg2 Qd7 17. Qd3 Re8 18. Na4 e5 19. Nxb6 axb6 20. dxe5 Nxe5 21. Qd4 Neg4 22. Rae1 Qe6 23. h3 Ne5 {0-1 Sawyer,B (2172)-Wagner,D (2584) Titled Tuesday intern op 26th Apr Early blitz 2022 (1)}) 9... exf3 10. Bxf3 Nc6 11. Qb3 O-O 12. O-O Na5 13. Qc2 Be6 14. Nf4 Qd7 15. Qg2 Rad8 16. h3 Nc6 17. g4 g5 18. Nd3 h6 19. Bd2 Rfe8 20. Be1 Qe7 21. Bg3 Ne4 22. Rae1 Nxg3 23. Qxg3 a6 24. Qg2 Qd6 25. Bd1 Kg7 26. Rf3 Ne7 27. Ref1 Ng6 28. Qf2 Re7 29. Ne2 Bc7 30. Ng3 Kf8 31. Nh5 Rc8 32. Rf6 Ke8 33. Nc5 Bb8 34. Ng7+ Kd8 35. Ngxe6+ fxe6 36. Rxg6 Rxc5 37. dxc5 Qxc5 38. Rg8+ Kc7 39. Qc2 1-0

[Event "Olympiad Women 2024"]
[Site "Budapest HUN"]
[Date "2024.09.22"]
[Round "11.5"]
[Board "2"]
[White "Paehtz, Elisabeth"]
[Black "Mkrtchyan, Mariam"]
[Result "1/2-1/2"]
[WhiteElo "2455"]
[BlackElo "2328"]
[PlyCount "61"]
[EventDate "2024.09.11"]
[WhiteTeam "Germany"]
[BlackTeam "Armenia"]
[WhiteTeamCountry "GER"]
[BlackTeamCountry "ARM"]

1. Nf3 d5 2. g3 Nf6 3. Bg2 e6 4. O-O Be7 5. c4 O-O 6. Ne5 Nbd7 7. d4 c6 8. Nc3 Nxe5 9. dxe5 Nd7 10. cxd5 exd5 11. f4 f5 ({RR} 11... Re8 12. Be3 Bc5 13. Bxc5 Nxc5 14. Qd2 f6 15. exf6 Qxf6 16. b4 Ne4 17. Nxe4 dxe4 18. Qe3 a5 19. b5 cxb5 20. Qb3+ Kh8 21. Qxb5 Qd4+ 22. Kh1 Bg4 23. Rae1 Qd2 24. h3 Be6 25. a3 Qe3 26. Kh2 {1-0 Giri,A (2785)-So,W (2815) chess.com Speed 5m+2spm 2017 blitz (1.6)}) ({RR} 11... a5 12. Be3 b5 13. Bf2 b4 14. Na4 Ba6 15. Rc1 Bb5 16. Re1 Rc8 17. e4 d4 18. Bxd4 c5 19. Bf2 c4 20. Bh3 Qe8 21. e6 fxe6 22. Bxe6+ Kh8 23. Bxd7 Bxd7 24. Nb6 Rd8 25. Nxd7 Rxd7 26. Qe2 {½-½ Hakobyan,A (2617)-Caruana,F (2805) Chess.com Classic Div 2 W 2024 (1.2)}) 12. Be3 Nb6 $146 ({RR} 12... Bc5 13. Bxc5 Nxc5 14. e3 Qe7 15. Rc1 Be6 16. Ne2 a5 17. Nd4 Bc8 18. Qc2 Ne4 19. g4 g6 20. g5 Ra6 21. h4 Qb4 22. Rfd1 Rb6 23. b3 a4 24. h5 axb3 25. axb3 Ra6 26. Bf3 Qe7 27. Bxe4 {1-0 Benko,P-Sliwa,B Match/Nation POL-HUN 1949}) ({RR} 12... Nc5 13. b4 Ne4 14. Qb3 Kh8 15. b5 Qe8 16. Rfc1 Bd7 17. Rab1 h5 18. bxc6 bxc6 19. Nxe4 fxe4 20. Qb7 a5 21. Bd4 Bb4 22. e3 Qe6 23. Bc5 Rfb8 24. Qc7 Rc8 25. Qb6 Rcb8 26. Qc7 Rc8 27. Qb6 {½-½ Gelfand,B (2668)-Deac,B (2693) 5th Prague Masters 2023 (5.5)}) ({RR} 12... Nc5 13. Rc1 Ne4 14. Nxe4 fxe4 15. Qb3 Kh8 16. Bd4 Qe8 17. Qc3 Be6 18. b4 Rf7 19. e3 h5 20. h3 Qd7 21. Kh2 a6 22. a4 Rc8 23. Qb3 Kh7 24. Rf2 g5 25. Qd1 Kh6 26. Qd2 Kh7 27. Qd1 {½-½ Cordova,E (2585)-Diaz Perez,M (2455) Carlos Torre Memorial op 31st 2019 (4)}) 13. b3 Be6 14. Bf2 Qe8 15. Qc2 Qf7 16. Nd1 Rac8 17. Bc5 Nd7 18. Bxe7 Qxe7 19. Rc1 Nb6 20. Qc5 Qxc5+ 21. Rxc5 d4 22. e3 Rcd8 23. Rc2 Rd7 24. exd4 Rxd4 25. Ne3 g6 26. Kf2 Rfd8 27. Ke2 Kf7 28. Rd1 Rxd1 29. Nxd1 a5 30. Rd2 Ra8 31. Rb2 1/2-1/2

[Event "Olympiad Women 2024"]
[Site "Budapest HUN"]
[Date "2024.09.22"]
[Round "11.5"]
[Board "3"]
[White "Danielian, Elina"]
[Black "Heinemann, Josefine"]
[Result "1-0"]
[WhiteElo "2393"]
[BlackElo "2316"]
[PlyCount "97"]
[EventDate "2024.09.11"]
[WhiteTeam "Armenia"]
[BlackTeam "Germany"]
[WhiteTeamCountry "ARM"]
[BlackTeamCountry "GER"]

1. d4 Nf6 2. c4 e6 3. Nc3 Bb4 4. f3 c5 5. d5 b5 6. e4 d6 7. Bd2 bxc4 ({RR} 7... Bxc3 8. Bxc3 b4 9. Bd2 O-O 10. Be3 exd5 11. cxd5 Nfd7 12. Ne2 f5 13. exf5 Rxf5 14. Ng3 Re5 15. Kf2 Qh4 16. Qd2 Nf6 17. Rc1 Ba6 18. b3 Nxd5 19. Rc4 Qe7 20. Re4 Qe6 21. Bf4 Nxf4 22. Qxf4 {½-½ Aronian,L (2758)-Carlsen,M (2876) FIDE Chess.com Grand Swiss 2019 (11)}) 8. Bxc4 Nbd7 $146 ({RR} 8... O-O 9. Nge2 Ba6 10. Bxa6 Nxa6 11. dxe6 fxe6 12. Nf4 Bxc3 13. bxc3 Nc7 14. O-O d5 15. Be3 Qe7 16. Nd3 Nd7 17. Qa4 c4 18. Nf2 a6 19. Qa5 Qd6 20. Rfd1 Rab8 21. Qa4 Nb5 22. Qc2 Qa3 23. exd5 {1-0 Ringoir,T (2474)-Guo,A (2358) Charlotte CCCSA Winter GM 2021 (1)}) ({RR} 8... O-O 9. Nge2 Ba6 10. Bxa6 Nxa6 11. Nf4 e5 12. Nfe2 Nc7 13. O-O Rb8 14. Bg5 h6 15. Bh4 g5 16. Bf2 Nh5 17. Be3 Qd7 18. g4 Nf4 19. Ng3 Bxc3 20. bxc3 Ne8 21. Bxf4 exf4 22. Nf5 Ng7 23. Nxh6+ {1-0 Ebrahimi Herab,H (2333)-Ivic,V (2582) Titled Tue 23rd Apr Late 2024 (5)}) ({RR} 8... O-O 9. Nge2 Re8 10. O-O Nbd7 11. dxe6 fxe6 12. Bf4 Ne5 13. Bxe5 dxe5 14. Qxd8 Rxd8 15. Rfd1 Rxd1+ 16. Rxd1 Kf8 17. Nb5 Ke7 18. Nc1 Ba5 19. Kf1 Bb6 20. Nd3 Nd7 21. Na3 a6 22. Bb3 a5 23. Bc4 {1-0 Wemmers,X (2392)-Delorme,A (2489) BEL-chT 1920 2019 (7.2)}) ({RR} 8... O-O 9. Nge2 exd5 10. Nxd5 Bxd2+ 11. Qxd2 Nbd7 12. O-O Ne5 13. Nxf6+ Qxf6 14. Bd5 Rb8 15. Nc3 Be6 16. Rfd1 Rfd8 17. b3 Rb4 18. Qe3 Rd4 19. Nb5 Bxd5 20. Nxd4 cxd4 21. Qxd4 Be6 22. Qxa7 Nxf3+ 23. gxf3 {1-0 Abrashkin,B (2407)-Kaufman,R (2255) Titled Tuesday intern op 04th May blitz 2021 (5)}) 9. dxe6 fxe6 10. Bxe6 Ne5 11. Bxc8 Qxc8 12. Bf4 Bxc3+ 13. bxc3 Qa6 14. Bxe5 dxe5 15. Qe2 Qa3 16. Qb5+ Ke7 17. Qb7+ Nd7 18. Rd1 Rhd8 19. Ne2 Qxa2 20. Rd2 Qe6 21. O-O Rdb8 22. Qc7 Rc8 23. Qa5 Nf6 24. Rb1 Qc6 25. Rdb2 Rc7 26. c4 Rd7 27. Nc3 Rc8 28. Nd5+ Nxd5 29. exd5 Qd6 30. Re2 Kf7 31. Rbe1 Re8 32. h3 Rde7 33. Re4 h6 34. R1e2 Qb6 35. Qa1 Qd6 36. Ra2 Qb8 37. Ra5 Rb7 38. Kh2 Qc7 39. Ra6 Qb8 40. Qa3 Rc8 41. d6 Rd7 42. Qa1 Rxd6 43. Rxa7+ Rc7 44. Ra8 Qb7 45. Qxe5 Qxa8 46. Qxd6 Qc8 47. Qd5+ Kg6 48. Re6+ Kh7 49. Qe4+ 1-0

[Event "Olympiad Women 2024"]
[Site "Budapest HUN"]
[Date "2024.09.22"]
[Round "11.5"]
[Board "4"]
[White "Schulze, Lara"]
[Black "Sargsyan, Anna M."]
[Result "1/2-1/2"]
[WhiteElo "2283"]
[BlackElo "2364"]
[PlyCount "87"]
[EventDate "2024.09.11"]
[WhiteTeam "Germany"]
[BlackTeam "Armenia"]
[WhiteTeamCountry "GER"]
[BlackTeamCountry "ARM"]

1. e4 c5 2. Nf3 Nc6 3. Bb5 g6 4. O-O Bg7 5. Re1 Nf6 6. Bxc6 bxc6 7. e5 Nd5 8. c4 Nb6 9. d4 cxd4 10. c5 ({RR} 10. Qxd4 d5 11. Na3 c5 12. Qxc5 dxc4 13. Nxc4 O-O 14. Na5 Re8 15. Bg5 Qd5 16. Qb4 Bf8 17. Red1 e6 18. Qd2 Qb5 19. a3 Ba6 20. b4 Rac8 21. h3 Qe2 22. Qd4 Rc2 23. Qh4 Ra2 24. Rxa2 Qxa2 {1-0 Liu,M (2024)-Xue Yue (1624) ch-CHN Personal GpB w 2023 (9.9)}) 10... Nd5 11. Qxd4 O-O 12. Nc3 $146 ({RR} 12. Qh4 Qa5 13. Nbd2 Qxc5 14. Ne4 Qb4 15. Bh6 f6 16. exf6 exf6 17. a3 Qxb2 18. Reb1 Qc2 19. Nd4 Qd3 20. Rd1 Qa6 21. Nc5 Qb6 22. Ne4 Qc7 23. Rd3 Bxh6 24. Qxh6 Qf4 25. Qxf4 Nxf4 26. Rf3 Nd5 {0-1 Payne,M (1865)-Doci,S (2052) BCF-chT3 0809 (4NCL) 2008 (9.4)}) 12... d6 13. cxd6 exd6 14. Nxd5 dxe5 15. Nxe5 Qxd5 16. Qxd5 cxd5 17. Bf4 Be6 18. Rac1 a5 19. h3 a4 20. Bd2 Rfc8 21. Nc6 Kh8 22. Bc3 Bxc3 23. Rxc3 a3 24. bxa3 d4 25. Rcc1 d3 26. Red1 Rxa3 27. Nb4 Rd8 28. Rd2 Kg7 29. Rcd1 Bc4 30. f3 Bb5 31. Kf2 Rd4 32. Rb1 Ra4 33. a3 Rxa3 34. Na2 Ba4 35. Ke3 Rd6 36. Rb4 f5 37. Rb7+ Kf6 38. Ra7 Re6+ 39. Kf2 Rd6 40. Ke3 g5 41. Nb4 f4+ 42. Kf2 h5 43. Ra5 h4 44. Rxd3 1/2-1/2